Detalles MARC
| 000 -LÍDER |
| Campo fijo de descripción fija |
01825aam a2200337 i 4500 |
| 001 - NÚMERO DE CONTROL |
| Campo de control |
768714001 |
| 003 - IDENTIFICADOR DEL NÚMERO DE CONTROL |
| Campo de control |
CO-MdBIC |
| 005 - FECHA Y HORA DE LA ULTIMA TRANSACCIÓN |
| control field |
20220117093042.0 |
| 007 - CAMPO FIJO DE DESCRIPCIÓN FIJA--INFORMACIÓN GENERAL |
| Campo fijo de descripción fija |
ta |
| 008 - ELEMENTOS DE LONGITUD FIJA -- INFORMACIÓN GENERAL |
| Campo fijo de descripción fija -- Información general |
200302t1982 ag ||||| |||| 00| 0 spa d |
| 020 ## - NÚMERO INTERNACIONAL NORMALIZADO PARA LIBROS |
| Número Internacional Normalizado del libro |
9500247259 |
| 040 ## - FUENTE DE CATALOGACIÓN |
| Idioma de catalogación |
spa. |
| Agencia que realiza la transcripción |
CO-MdFUSB |
| Agencia de catalogación original |
CO-MdFUSB |
| Agencia que realiza la modificación |
CO-MdFUSBC |
| Convenciones de la descripción |
rda |
| 041 ## - CÓDIGO DE IDIOMA |
| Código de idioma para texto/pista de sonido o título separado |
spa |
| 082 04 - NÚMERO DE CLASIFICACIÓN DECIMAL DEWEY |
| Número de clasificación |
291.82 |
| Número de la edición del Dewey |
23 |
| Clave de autor-Numero de item |
P2612h |
| 100 1# - ASIENTO PRINCIPAL--NOMBRE PERSONAL |
| Nombre personal |
Parrinder, Geoffrey |
| Término relacionador |
autor. |
| 240 ## - TITULO UNIFORME |
| Título uniforme |
<a href="Upanishads, Gita and Bible">Upanishads, Gita and Bible</a> |
| 245 10 - TÍTULO |
| Título del Material |
Hinduismo y cristianismo : |
| Parte restante del título - Subtitulo |
estudio comparado de las escrituras hindúes y cristianas |
| Mención de responsabilidad, etc. |
/ Goeffrey Parrinder; Flora Setaro, Traductor |
| 264 #1 - PRODUCCIÓN, PUBLICACIÓN, DISTRIBUCIÓN, MANUFACTURA, Y COPYRIGHT |
| Lugar de producción, publicación, distribución, manufactura |
Buenos Aires, Argentina : Lidiun |
| Nombre del productor, publicador, distribuidor |
Lidiun, |
| Fecha de producción, publicación, distribución, manufactura, o copyright |
[1982] |
| 264 #4 - PRODUCCIÓN, PUBLICACIÓN, DISTRIBUCIÓN, MANUFACTURA, Y COPYRIGHT |
| Fecha de producción, publicación, distribución, manufactura, o copyright |
©1982 |
| 300 ## - DESCRIPCIÓN FÍSICA |
| Extensión |
153 páginas |
| Dimensiones |
; 19 cm. |
| 336 ## - TIPO DE CONTENIDO |
| Término de tipo de contenido |
texto |
| Código de tipo de contenido |
txt |
| Fuente |
rdacontent |
| 337 ## - TIPO DE MEDIO |
| Fuente |
rdamedia |
| Nombre del tipo de medio |
sin mediación |
| Código del tipo de medio |
n |
| 338 ## - TIPO DE SOPORTE |
| Fuente |
rdacarrier |
| Nombre del tipo de soporte |
volumen |
| Código Tipo de soporte |
nc |
| 505 ## - NOTA DE CONTENIDO |
| Nota de contenido con formato preestablecido |
1. Introducción: El encuentro de las religiones. Escrituras hindúes y cristianas. Filosofía y religión. el diálogo religioso. -- 2. En el principio: Los creadores. Existencia y no-existencia. El Brahman. Los dos mitos sobre la creación. -- 3. El uno lo múltiple: Los arios y el pueblo del Indo. El no-dualismo. El Señor, el alma y la bhakti. Implicaciones del monoteísmo. Trascendencia e inmanencia. El Espíritu y el Logos. La dualidad. -- 4. ¿Qué es el hombre? Cuerpo y alma; naturaleza y hálito; sueño y muerte; ser y beatitud. Ascetismo. ¿Pesimismo? -- 5. La inmortalidad -- 6. El cielo y la beatitud -- 7. La disciplina de la vida espiritual -- El misticismo -- La conducta y el sufrimiento -- La religión y la sociedad |
| 563 ## - NOTA DE ENCUADERNACIÓN |
| Nota de encuadernación |
rústico. |
| 650 #7 - ASIENTO SECUNDARIO DE MATERIA - TERMINO TEMÁTICO |
| 9 (RLIN) |
386 |
| Término temático o nombre geográfico como elemento de entrada |
Religiones |
| 650 #0 - ASIENTO SECUNDARIO DE MATERIA - TERMINO TEMÁTICO |
| 9 (RLIN) |
1247 |
| Término temático o nombre geográfico como elemento de entrada |
Cristianismo y otras religiones |
| Término temático que sigue al nombre geográfico como elemento de entrada |
Hinduísmo |
| 942 ## - TIPO DE MATERIAL (KOHA) |
| Tipo de Item KOHA |
Libros General |
| 945 ## - INFORMACIÓN LOCAL DEL REGISTRO |
| Catalogador |
AEM-53 |